00908cam a2200265 a 450000100060000000300080000600500170001400800410003102000260007203500190009803500190011704000420013604100080017808200220018610000430020824500620025126000550031330000290036850400300039765000250042765000200045294200120047299900170048495201410050165998BD-RjUL20211209081505.0740912s1974 gw a b 001 0 eng  a0387063315 (New York) a(BD-RjUL)66128 a(OCoLC)1005038 aDLCcOClW-HdOCoLCdDLCdBD-RjULbeng aeng 223a570bNES 19741 aNeedham, A. E.q(Arthur Edwin)919521614aThe significance of zoochromes /c[by] Arthur E. Needham. aBerlin,aHeidelburg,aNew York :bSpringer,c1974. axx, 429 p.bill.c25 cm. aBibliography: p. 355-404. 0aLife Science9195218 0aBiology9178986 2ddccBK c65998d65998 00102ddc40718NFICaRUCLbRUCLcReadingd1977-03-14eAsia Foundationg0.00l0o570 NES 1974r2017-03-13 00:00:00tC-1w2021-12-09yBK